000 00838nam a2200253Ia 4500
003 OSt
005 20220925204804.0
006 a|||||r|||| 00| 0
007 ta
008 220923b |||||||| |||| 00| 0 eng d
020 _a8188861030
_c420.75
037 _bDU31, 22/03/2010, INDEPENDENT PUBLISHERS GROUP
_cGeneral Book
040 _aRTL
_cRTL
_beng
041 _2eng
_aeng
082 _aY58:3(T):(Z), P7
100 _aMAHMOOD Tahir
_9268920
245 0 _aPolitics of minority educational institutions
_b Law and reality in the subcontinent.
260 _aGurgaon
_bImprintOne
_c2007
300 _a293p.
_ccm.
500 _aAppendix: p 255-277
650 _aSociology
942 _hY58:3(T):(Z), P7
_cGB
_2CC
999 _c550389
_d550389